World's Deadliest Infectious Diseases - Statistics

General Stats
  • This quiz has been taken 313 times
  • The average score is 9 of 30
Answer Stats
Answer % Correct
60-90% Ebola Virus Disease
82%
80-90% HIV/AIDS
81%
65-95% Small Pox
77%
~0.3% Malaria
70%
~100% Pneumonic Plague
61%
~1-3% Measles
57%
~100% Rabies
54%
43% Tuberculosis
53%
<0.1% Seasonal Influenza
51%
7.5% Yellow Fever
47%
1-5% Dengue Fever
41%
11% SARS
36%
10-20% Meningococcal Disease
31%
100% Prion Disease
29%
<60% H5N1 Influenza (Bird-Flu)
28%
<85% Anthrax (pulmonary)
21%
~45% MERS
20%
<90% Marburg Virus Disease
18%
~3.7 Whooping Cough
18%
~100% African Sleeping Sickness
17%
~5-10% Diptheria
12%
~100% Naegleria Fowleri
10%
<10% Botulism
9%
1-15% Lassa Fever
7%
~15% Legionnaires Disease
5%
<2% Brucellosis
3%
<70% Herpes B Virus Disease
2%
~100% Kala-Azar
2%
<80% Lujo Virus Disease
1%
<60% Tulerimia (Rabbit Fever)
0%
No matching quizzes found
Score Distribution
Percent of People with Each Score
Percentile by Number Answered
Your Score History
You have not taken this quiz